[Event "British Rapidplay Championship 2023"]
[Site "Mercure Bradford, Bankfield Hotel"]
[Date "2023.04.15"]
[Round "2.31"]
[White "Stephens, Carl"]
[Black "Singh, Adamjeet"]
[Result "1-0"]
[TimeControl "All moves in 15 minutes plus 10 second increment per move from move 1"]
[WhiteElo "1682"]
[BlackElo "1213"]

1. e4 {[%clk 00:15:18]} {[%emt 00:00:02]} c5 {[%clk 00:15:18]} {[%emt
00:00:02]} 2. Nc3 {[%clk 00:15:26]} {[%emt 00:00:01]} Nc6 {[%clk 00:15:16]}
{[%emt 00:00:13]} 3. g3 {[%clk 00:15:35]} d6 {[%clk 00:15:21]} {[%emt
00:00:05]} 4. Bg2 {[%clk 00:15:39]} {[%emt 00:00:05]} Nf6 {[%clk 00:15:27]}
{[%emt 00:00:04]} 5. f4 {[%clk 00:15:26]} {[%emt 00:00:23]} Bg4 {[%clk
00:15:28]} {[%emt 00:00:09]} 6. Nge2 {[%clk 00:15:35]} {[%emt 00:00:02]} Nd4
{[%clk 00:15:31]} {[%emt 00:00:06]} 7. O-O {[%clk 00:14:56]} {[%emt 00:00:49]}
e6 {[%clk 00:14:59]} {[%emt 00:00:42]} 8. d3 {[%clk 00:14:41]} {[%emt
00:00:24]} b5 {[%clk 00:14:43]} {[%emt 00:00:27]} 9. Be3 {[%clk 00:13:09]}
{[%emt 00:01:42]} Nxe2+ {[%clk 00:14:12]} {[%emt 00:00:40]} 10. Nxe2 {[%clk
00:13:18]} {[%emt 00:00:03]} Be7 {[%clk 00:14:11]} {[%emt 00:00:11]} 11. c3
{[%clk 00:12:47]} {[%emt 00:00:41]} O-O {[%clk 00:14:08]} {[%emt 00:00:12]} 12.
h3 {[%clk 00:12:32]} {[%emt 00:00:25]} Bxe2 {[%clk 00:14:10]} {[%emt 00:00:07]}
13. Qxe2 {[%clk 00:12:40]} {[%emt 00:00:03]} Rc8 {[%clk 00:14:07]} {[%emt
00:00:13]} 14. Rad1 {[%clk 00:12:42]} {[%emt 00:00:09]} d5 {[%clk 00:13:44]}
{[%emt 00:00:33]} 15. e5 {[%clk 00:12:18]} {[%emt 00:00:34]} Nd7 {[%clk
00:13:45]} {[%emt 00:00:08]} 16. Qf2 {[%clk 00:11:14]} {[%emt 00:01:15]} Qc7
{[%clk 00:13:32]} {[%emt 00:00:22]} 17. d4 {[%clk 00:11:16]} {[%emt 00:00:09]}
c4 {[%clk 00:13:37]} {[%emt 00:00:05]} 18. f5 {[%clk 00:10:41]} {[%emt
00:00:44]} a6 {[%clk 00:13:11]} {[%emt 00:00:37]} 19. Qe2 {[%clk 00:10:02]}
{[%emt 00:00:50]} Rfe8 {[%clk 00:12:38]} {[%emt 00:00:41]} 20. Qg4 {[%clk
00:09:34]} {[%emt 00:00:38]} Bd8 {[%clk 00:11:50]} {[%emt 00:00:58]} 21. f6
{[%clk 00:09:36]} {[%emt 00:00:09]} g6 {[%clk 00:11:44]} {[%emt 00:00:16]} 22.
Qh4 {[%clk 00:09:16]} {[%emt 00:00:29]} h5 {[%clk 00:11:30]} {[%emt 00:00:24]}
23. Qg5 {[%clk 00:09:16]} {[%emt 00:00:11]} Nxf6 {[%clk 00:10:30]} {[%emt
00:01:08]} 24. exf6 {[%clk 00:09:24]} {[%emt 00:00:04]} Bxf6 {[%clk 00:10:35]}
{[%emt 00:00:03]} 25. Rxf6 {[%clk 00:09:24]} {[%emt 00:00:12]} 1-0

[Event "British Rapidplay Championship 2023"]
[Site "Mercure Bradford, Bankfield Hotel"]
[Date "2023.04.15"]
[Round "2.32"]
[White "Rogowski, Rafal"]
[Black "Kryshtafor, Maksym"]
[Result "0-1"]
[TimeControl "All moves in 15 minutes plus 10 second increment per move from move 1"]
[WhiteElo "1291"]
[BlackElo "1667"]

1. d4 {[%clk 00:15:18]} {[%emt 00:00:01]} d5 {[%clk 00:15:17]} {[%emt
00:00:04]} 2. Nf3 {[%clk 00:15:26]} {[%emt 00:00:02]} Nf6 {[%clk 00:15:21]}
{[%emt 00:00:06]} 3. c4 {[%clk 00:15:33]} {[%emt 00:00:03]} e6 {[%clk
00:15:23]} {[%emt 00:00:08]} 4. Nc3 {[%clk 00:15:40]} {[%emt 00:00:02]} c6
{[%clk 00:15:23]} {[%emt 00:00:10]} 5. cxd5 {[%clk 00:15:42]} {[%emt 00:00:07]}
exd5 {[%clk 00:15:28]} {[%emt 00:00:06]} 6. Bg5 {[%clk 00:15:45]} {[%emt
00:00:07]} h6 {[%clk 00:15:30]} {[%emt 00:00:08]} 7. Bh4 {[%clk 00:15:54]}
{[%emt 00:00:01]} Bd6 {[%clk 00:15:28]} {[%emt 00:00:13]} 8. e3 {[%clk
00:15:04]} {[%emt 00:00:59]} Bg4 {[%clk 00:15:28]} {[%emt 00:00:10]} 9. h3
{[%clk 00:14:35]} {[%emt 00:00:39]} Bh5 {[%clk 00:15:19]} {[%emt 00:00:20]} 10.
Bd3 {[%emt 00:00:47]} g5 {[%clk 00:15:09]} 11. Bg3 {[%clk 00:14:13]} {[%emt
00:00:14]} Bxg3 {[%clk 00:15:12]} {[%emt 00:00:07]} 12. fxg3 {[%clk 00:14:18]}
{[%emt 00:00:05]} Qc7 {[%clk 00:15:02]} {[%emt 00:00:21]} 13. g4 {[%clk
00:13:14]} {[%emt 00:01:14]} Qg3+ {[%clk 00:15:01]} {[%emt 00:00:11]} 14. Kf1
{[%clk 00:13:22]} {[%emt 00:00:02]} Bg6 {[%clk 00:14:50]} {[%emt 00:00:20]} 15.
Bxg6 {[%clk 00:13:29]} {[%emt 00:00:04]} fxg6 {[%clk 00:14:53]} {[%emt
00:00:07]} 16. Qd3 {[%clk 00:13:08]} {[%emt 00:00:30]} Rg8 {[%clk 00:14:29]}
{[%emt 00:00:34]} 17. Ne5 {[%clk 00:13:08]} {[%emt 00:00:11]} Rf8 {[%clk
00:13:28]} {[%emt 00:01:11]} 18. Qxg6+ {[%clk 00:12:18]} {[%emt 00:00:59]} Kd8
{[%clk 00:13:33]} {[%emt 00:00:06]} 19. Nf3 {[%clk 00:08:53]} {[%emt 00:03:34]}
Nbd7 {[%clk 00:11:16]} {[%emt 00:02:27]} 20. Qxh6 {[%clk 00:08:36]} {[%emt
00:00:26]} Ne4 {[%clk 00:11:11]} {[%emt 00:00:16]} 21. Nxe4 {[%clk 00:08:20]}
{[%emt 00:00:27]} dxe4 {[%clk 00:11:11]} {[%emt 00:00:09]} 22. Qxg5+ {[%clk
00:08:24]} {[%emt 00:00:06]} Kc8 {[%clk 00:11:15]} {[%emt 00:00:06]} 23. Ke2
{[%clk 00:05:49]} {[%emt 00:02:45]} Qxg2+ {[%emt 00:00:26]} 0-1

[Event "British Rapidplay Championship 2023"]
[Site "Mercure Bradford, Bankfield Hotel"]
[Date "2023.04.15"]
[Round "2.33"]
[White "Chedd, Neil"]
[Black "Appleyard, Tim"]
[Result "1-0"]
[TimeControl "All moves in 15 minutes plus 10 second increment per move from move 1"]
[WhiteElo "1663"]
[BlackElo "1139"]

1. d4 {[%clk 00:15:16]} {[%emt 00:00:04]} d5 {[%clk 00:15:10]} {[%emt
00:00:11]} 2. e3 {[%clk 00:15:22]} {[%emt 00:00:03]} c6 {[%clk 00:15:08]}
{[%emt 00:00:12]} 3. Bd3 {[%clk 00:15:27]} {[%emt 00:00:04]} e6 {[%clk
00:14:42]} {[%emt 00:00:38]} 4. Nf3 {[%clk 00:15:32]} {[%emt 00:00:04]} Nf6
{[%clk 00:14:22]} {[%emt 00:00:31]} 5. O-O {[%clk 00:15:36]} {[%emt 00:00:05]}
Bd6 {[%clk 00:13:49]} {[%emt 00:00:44]} 6. Ne5 {[%clk 00:15:40]} {[%emt
00:00:05]} O-O {[%clk 00:13:24]} {[%emt 00:00:36]} 7. f4 {[%clk 00:15:43]}
{[%emt 00:00:06]} Nbd7 {[%clk 00:13:17]} {[%emt 00:00:18]} 8. Nd2 {[%clk
00:15:49]} {[%emt 00:00:03]} c5 {[%clk 00:12:58]} {[%emt 00:00:29]} 9. c3
{[%clk 00:15:54]} {[%emt 00:00:04]} c4 {[%clk 00:11:31]} {[%emt 00:01:38]} 10.
Bc2 {[%clk 00:15:59]} {[%emt 00:00:05]} g6 {[%clk 00:10:29]} {[%emt 00:01:12]}
11. Ndf3 {[%clk 00:16:02]} {[%emt 00:00:07]} b5 {[%clk 00:09:38]} {[%emt
00:01:02]} 12. Bd2 {[%clk 00:15:56]} {[%emt 00:00:15]} Ne4 {[%clk 00:09:23]}
{[%emt 00:00:26]} 13. Qe1 {[%clk 00:15:01]} {[%emt 00:01:03]} f6 {[%clk
00:08:56]} {[%emt 00:00:38]} 14. Ng4 {[%clk 00:14:41]} {[%emt 00:00:29]} f5
{[%clk 00:07:47]} {[%emt 00:01:20]} 15. Nge5 {[%clk 00:14:38]} {[%emt
00:00:12]} Ndf6 {[%clk 00:06:52]} {[%emt 00:01:06]} 16. Rd1 {[%clk 00:12:14]}
{[%emt 00:02:33]} Nxd2 {[%clk 00:06:46]} {[%emt 00:00:18]} 17. Rxd2 {[%clk
00:11:26]} {[%emt 00:00:57]} Ne4 {[%clk 00:06:51]} {[%emt 00:00:06]} 18. Bxe4
{[%clk 00:11:20]} {[%emt 00:00:14]} dxe4 {[%emt 00:00:04]} 19. Ng5 {[%clk
00:11:09]} {[%emt 00:00:20]} h6 {[%clk 00:05:56]} {[%emt 00:01:13]} 20. Nh3
{[%clk 00:10:17]} {[%emt 00:01:01]} g5 {[%clk 00:05:15]} {[%emt 00:00:52]} 21.
fxg5 {[%clk 00:07:54]} {[%emt 00:02:32]} hxg5 {[%clk 00:05:24]} {[%emt
00:00:03]} 22. Qg3 {[%clk 00:07:40]} {[%emt 00:00:23]} Qf6 {[%clk 00:03:42]}
{[%emt 00:01:53]} 23. Nxg5 {[%clk 00:05:37]} {[%emt 00:02:12]} f4 {[%clk
00:02:39]} {[%emt 00:01:14]} 24. Rxf4 {[%clk 00:04:49]} {[%emt 00:00:57]} Qg7
{[%clk 00:02:25]} {[%emt 00:00:24]} 25. Rdf2 {[%clk 00:04:14]} {[%emt
00:00:45]} Bb7 {[%clk 00:02:14]} {[%emt 00:00:22]} 26. Rxf8+ {[%clk 00:02:44]}
{[%emt 00:01:39]} Bxf8 {[%emt 00:00:14]} 27. Rf7 {[%clk 00:01:59]} {[%emt
00:00:54]} Qh6 {[%clk 00:01:41]} {[%emt 00:00:40]} 28. Nxe6+ {[%clk 00:01:24]}
{[%emt 00:00:45]} Bg7 {[%clk 00:01:42]} {[%emt 00:00:10]} 29. Rxg7+ {[%clk
00:01:26]} {[%emt 00:00:06]} Kh8 {[%clk 00:01:32]} {[%emt 00:00:22]} 30. Nf7#
{[%clk 00:01:30]} {[%emt 00:00:05]} 1-0

[Event "British Rapidplay Championship 2023"]
[Site "Mercure Bradford, Bankfield Hotel"]
[Date "2023.04.15"]
[Round "2.34"]
[White "Hutchinson, Stephen A"]
[Black "Redmond, Nigel"]
[Result "0-1"]
[TimeControl "All moves in 15 minutes plus 10 second increment per move from move 1"]
[WhiteElo "1142"]
[BlackElo "1656"]

1. d4 {[%clk 00:15:15]} {[%emt 00:00:04]} d5 {[%clk 00:15:09]} {[%emt
00:00:10]} 2. Nf3 {[%clk 00:15:19]} {[%emt 00:00:08]} Nd7 {[%clk 00:14:42]}
{[%emt 00:00:36]} 3. Bf4 {[%clk 00:15:23]} {[%emt 00:00:06]} Ngf6 {[%clk
00:14:33]} {[%emt 00:00:19]} 4. e3 {[%clk 00:15:29]} {[%emt 00:00:04]} e6
{[%clk 00:14:35]} {[%emt 00:00:07]} 5. Nc3 {[%clk 00:15:34]} {[%emt 00:00:06]}
c6 {[%clk 00:14:07]} {[%emt 00:00:36]} 6. h3 {[%clk 00:15:40]} {[%emt
00:00:06]} Bb4 {[%clk 00:13:55]} {[%emt 00:00:22]} 7. a3 {[%clk 00:15:47]}
{[%emt 00:00:04]} Ba5 {[%clk 00:13:46]} {[%emt 00:00:17]} 8. b4 {[%clk
00:15:51]} {[%emt 00:00:08]} Bc7 {[%clk 00:13:46]} {[%emt 00:00:09]} 9. Bd3
{[%clk 00:15:56]} {[%emt 00:00:05]} Bxf4 {[%clk 00:13:44]} {[%emt 00:00:12]} 10.
exf4 {[%clk 00:16:02]} {[%emt 00:00:05]} Qc7 {[%clk 00:13:36]} {[%emt
00:00:17]} 11. Qd2 {[%clk 00:16:05]} {[%emt 00:00:06]} O-O {[%clk 00:11:55]}
{[%emt 00:01:52]} 12. O-O {[%clk 00:16:02]} {[%emt 00:00:13]} Nh5 {[%clk
00:11:14]} {[%emt 00:00:51]} 13. Ne5 {[%clk 00:16:06]} {[%emt 00:00:07]} f6
{[%clk 00:10:03]} {[%emt 00:01:21]} 14. Nxd7 {[%clk 00:16:10]} {[%emt
00:00:05]} Bxd7 {[%clk 00:10:03]} {[%emt 00:00:11]} 15. Ne2 {[%clk 00:16:03]}
{[%emt 00:00:17]} f5 {[%clk 00:09:29]} {[%emt 00:00:43]} 16. Rfe1 {[%clk
00:15:52]} {[%emt 00:00:20]} Nf6 {[%clk 00:09:06]} {[%emt 00:00:34]} 17. f3
{[%clk 00:15:53]} {[%emt 00:00:09]} a5 {[%clk 00:08:17]} {[%emt 00:01:00]} 18.
c3 {[%clk 00:15:54]} {[%emt 00:00:09]} axb4 {[%clk 00:08:09]} {[%emt 00:00:18]}
19. cxb4 {[%clk 00:16:01]} {[%emt 00:00:03]} Ra4 {[%clk 00:07:45]} {[%emt
00:00:34]} 20. Rec1 {[%clk 00:16:05]} {[%emt 00:00:05]} Qb6 {[%clk 00:07:15]}
{[%emt 00:00:41]} 21. Rcb1 {[%clk 00:16:05]} {[%emt 00:00:09]} Rfa8 {[%clk
00:07:16]} {[%emt 00:00:09]} 22. Rb3 {[%clk 00:15:45]} {[%emt 00:00:31]} Be8
{[%clk 00:06:26]} {[%emt 00:01:00]} 23. Qc3 {[%clk 00:15:50]} {[%emt 00:00:03]}
Nd7 {[%clk 00:06:05]} {[%emt 00:00:33]} 24. Ng3 {[%clk 00:15:44]} {[%emt
00:00:16]} Qc7 {[%clk 00:05:30]} {[%emt 00:00:45]} 25. Ne2 {[%clk 00:15:45]}
{[%emt 00:00:07]} Qd6 {[%clk 00:05:22]} {[%emt 00:00:19]} 26. Bc2 {[%clk
00:15:38]} {[%emt 00:00:17]} Nb6 {[%clk 00:05:23]} {[%emt 00:00:09]} 27. g3
{[%clk 00:15:32]} {[%emt 00:00:16]} Nc4 {[%clk 00:05:26]} {[%emt 00:00:08]} 28.
Rbb1 {[%clk 00:15:30]} {[%emt 00:00:11]} Rxa3 {[%clk 00:05:12]} {[%emt
00:00:24]} 29. Rxa3 {[%clk 00:15:37]} {[%emt 00:00:02]} Rxa3 {[%clk 00:05:04]}
{[%emt 00:00:19]} 30. Rb3 {[%clk 00:15:41]} {[%emt 00:00:06]} Rxb3 {[%clk
00:03:41]} {[%emt 00:01:33]} 31. Bxb3 {[%clk 00:15:46]} {[%emt 00:00:04]} b5
{[%clk 00:03:24]} {[%emt 00:00:27]} 32. Bxc4 {[%clk 00:15:45]} {[%emt
00:00:13]} bxc4 {[%clk 00:03:17]} {[%emt 00:00:17]} 33. Qb2 {[%clk 00:15:40]}
{[%emt 00:00:13]} Qb8 {[%clk 00:03:06]} {[%emt 00:00:21]} 34. Nc3 {[%clk
00:15:40]} {[%emt 00:00:10]} Qa7 {[%clk 00:03:01]} {[%emt 00:00:16]} 35. Qa2
{[%clk 00:15:37]} {[%emt 00:00:11]} Qxd4+ {[%clk 00:02:53]} {[%emt 00:00:20]}
36. Kg2 {[%clk 00:15:43]} {[%emt 00:00:05]} Qxc3 {[%clk 00:02:53]} {[%emt
00:00:10]} 37. Qa8 {[%clk 00:15:44]} {[%emt 00:00:08]} Kf8 {[%clk 00:02:38]}
{[%emt 00:00:24]} 38. Qb8 {[%clk 00:15:47]} {[%emt 00:00:07]} Qf6 {[%clk
00:02:17]} {[%emt 00:00:32]} 39. g4 {[%clk 00:15:52]} {[%emt 00:00:05]} h6
{[%clk 00:01:59]} {[%emt 00:00:29]} 40. gxf5 {[%clk 00:15:51]} {[%emt
00:00:10]} exf5 {[%clk 00:02:01]} {[%emt 00:00:08]} 41. Kg3 {[%clk 00:15:23]}
{[%emt 00:00:38]} c3 {[%clk 00:02:07]} {[%emt 00:00:05]} 42. Qa8 {[%clk
00:15:20]} {[%emt 00:00:12]} d4 {[%clk 00:02:00]} {[%emt 00:00:17]} 43. Qa3
{[%clk 00:15:19]} {[%emt 00:00:11]} Kg8 {[%clk 00:02:04]} {[%emt 00:00:05]} 44.
Qb3+ {[%clk 00:15:18]} {[%emt 00:00:13]} Bf7 {[%clk 00:02:04]} {[%emt
00:00:09]} 45. Qa3 {[%clk 00:15:24]} {[%emt 00:00:04]} Kh7 {[%clk 00:02:08]}
{[%emt 00:00:05]} 46. Qc1 {[%clk 00:15:25]} {[%emt 00:00:10]} d3 {[%clk
00:02:10]} {[%emt 00:00:08]} 47. Qa1 {[%clk 00:15:03]} {[%emt 00:00:32]} c2
{[%clk 00:01:58]} {[%emt 00:00:22]} 48. Qc1 {[%clk 00:15:09]} {[%emt 00:00:05]}
Qc3 {[%clk 00:01:57]} {[%emt 00:00:10]} 49. Qe3 {[%clk 00:14:52]} {[%emt
00:00:27]} c1=Q {[%clk 00:01:50]} {[%emt 00:00:17]} 50. Qe7 {[%clk 00:14:51]}
{[%emt 00:00:11]} Qg1+ {[%clk 00:01:26]} {[%emt 00:00:34]} 51. Kh4 {[%clk
00:14:55]} {[%emt 00:00:06]} Qce1+ {[%clk 00:01:10]} {[%emt 00:00:24]} 0-1

[Event "British Rapidplay Championship 2023"]
[Site "Mercure Bradford, Bankfield Hotel"]
[Date "2023.04.15"]
[Round "3.1"]
[White "Ortiz Sanchez, Luis"]
[Black "Rogers, Bernard A"]
[Result "1-0"]
[TimeControl "All moves in 15 minutes plus 10 second increment per move from move 1"]
[WhiteElo "2067"]
[BlackElo "1772"]

1. Nf3 {[%clk 00:15:12]} {[%emt 00:00:07]} d5 {[%clk 00:15:18]} {[%emt
00:00:02]} 2. b3 {[%clk 00:15:16]} {[%emt 00:00:06]} c5 {[%clk 00:15:06]}
{[%emt 00:00:23]} 3. Bb2 {[%clk 00:15:18]} {[%emt 00:00:08]} Nc6 {[%clk
00:15:07]} {[%emt 00:00:08]} 4. e3 {[%clk 00:15:27]} {[%emt 00:00:01]} Nf6
{[%clk 00:15:12]} {[%emt 00:00:05]} 5. Bb5 {[%clk 00:15:27]} {[%emt 00:00:11]}
Bg4 {[%clk 00:15:05]} {[%emt 00:00:17]} 6. h3 {[%clk 00:15:25]} {[%emt
00:00:11]} Bh5 {[%clk 00:15:13]} {[%emt 00:00:02]} 7. g4 {[%clk 00:15:27]}
{[%emt 00:00:08]} Bg6 {[%clk 00:15:19]} {[%emt 00:00:04]} 8. Ne5 {[%clk
00:14:29]} {[%emt 00:01:08]} Qc7 {[%clk 00:15:15]} {[%emt 00:00:15]} 9. f4
{[%clk 00:14:05]} {[%emt 00:00:34]} Be4 {[%clk 00:14:02]} {[%emt 00:01:23]} 10.
Rg1 {[%clk 00:13:55]} {[%emt 00:00:19]} h5 {[%clk 00:13:35]} {[%emt 00:00:37]}
11. Bxc6+ {[%clk 00:13:15]} {[%emt 00:00:51]} bxc6 {[%clk 00:13:42]} {[%emt
00:00:03]} 12. d3 {[%emt 00:00:28]} Bg6 {[%clk 00:13:12]} {[%emt 00:00:25]} 13.
g5 {[%clk 00:12:16]} {[%emt 00:01:05]} Nd7 {[%clk 00:13:15]} {[%emt 00:00:08]}
14. Nd2 {[%clk 00:11:47]} {[%emt 00:00:39]} Nxe5 {[%clk 00:12:40]} {[%emt
00:00:44]} 15. Bxe5 {[%clk 00:11:54]} {[%emt 00:00:03]} Qd7 {[%clk 00:12:39]}
{[%emt 00:00:11]} 16. Qf3 {[%clk 00:11:48]} {[%emt 00:00:17]} Bf5 {[%clk
00:12:30]} {[%emt 00:00:19]} 17. h4 {[%clk 00:11:55]} {[%emt 00:00:03]} O-O-O
{[%clk 00:10:27]} {[%emt 00:02:14]} 18. Qf2 {[%clk 00:10:45]} {[%emt 00:01:19]}
f6 {[%clk 00:08:10]} {[%emt 00:02:27]} 19. Bb2 {[%clk 00:10:44]} {[%emt
00:00:11]} Bg4 {[%clk 00:06:37]} {[%emt 00:01:42]} 20. Nf3 {[%clk 00:10:00]}
{[%emt 00:00:54]} d4 {[%clk 00:05:19]} {[%emt 00:01:29]} 21. e4 {[%clk
00:09:54]} {[%emt 00:00:16]} e6 {[%clk 00:05:18]} {[%emt 00:00:11]} 22. Nh2
{[%clk 00:09:37]} {[%emt 00:00:27]} f5 {[%clk 00:04:31]} {[%emt 00:00:56]} 23.
e5 {[%clk 00:09:31]} {[%emt 00:00:17]} c4 {[%clk 00:04:12]} {[%emt 00:00:29]}
24. dxc4 {[%clk 00:07:48]} {[%emt 00:01:53]} Bb4+ {[%clk 00:04:21]} 25. Kf1
{[%clk 00:07:41]} {[%emt 00:00:16]} Bc5 {[%clk 00:03:43]} {[%emt 00:00:48]} 26.
Nxg4 {[%clk 00:06:24]} {[%emt 00:01:27]} fxg4 {[%clk 00:03:37]} {[%emt
00:00:17]} 27. Kg2 {[%clk 00:06:03]} {[%emt 00:00:31]} Rhf8 {[%clk 00:03:33]}
{[%emt 00:00:13]} 28. Qd2 {[%clk 00:06:07]} {[%emt 00:00:06]} d3 {[%clk
00:03:15]} {[%emt 00:00:28]} 29. Rgd1 {[%clk 00:05:36]} {[%emt 00:00:41]} Qf7
{[%clk 00:02:26]} {[%emt 00:00:59]} 30. Rf1 {[%clk 00:04:52]} {[%emt 00:00:55]}
dxc2 {[%clk 00:02:13]} {[%emt 00:00:23]} 31. Qxc2 {[%clk 00:04:56]} {[%emt
00:00:06]} Be3 {[%clk 00:02:07]} {[%emt 00:00:16]} 32. Bc1 {[%clk 00:04:36]}
{[%emt 00:00:30]} Bxc1 {[%clk 00:01:56]} {[%emt 00:00:21]} 33. Raxc1 {[%clk
00:04:40]} {[%emt 00:00:06]} Rd4 {[%clk 00:01:59]} {[%emt 00:00:07]} 34. f5
{[%clk 00:04:25]} {[%emt 00:00:25]} exf5 {[%clk 00:01:52]} {[%emt 00:00:17]} 35.
Rcd1 {[%clk 00:04:23]} {[%emt 00:00:10]} Rxd1 {[%clk 00:01:39]} {[%emt
00:00:24]} 36. Rxd1 {[%clk 00:04:32]} {[%emt 00:00:02]} Qe6 {[%clk 00:01:41]}
{[%emt 00:00:07]} 37. Qe2 {[%clk 00:04:23]} {[%emt 00:00:20]} f4 {[%clk
00:01:44]} {[%emt 00:00:07]} 38. Qe4 {[%clk 00:04:15]} {[%emt 00:00:17]} Rf5
{[%clk 00:01:11]} {[%emt 00:00:43]} 39. Rd6 {[%clk 00:04:18]} {[%emt 00:00:08]}
f3+ {[%clk 00:01:15]} {[%emt 00:00:05]} 40. Kf1 {[%clk 00:04:21]} {[%emt
00:00:07]} Qf7 {[%clk 00:00:22]} {[%emt 00:01:03]} 41. Qxc6+ {[%clk 00:04:22]}
{[%emt 00:00:09]} Qc7 {[%clk 00:00:25]} {[%emt 00:00:08]} 42. Qe8+ {[%clk
00:04:23]} {[%emt 00:00:09]} Kb7 {[%clk 00:00:32]} {[%emt 00:00:03]} 43. Rd7
{[%clk 00:04:29]} {[%emt 00:00:03]} 1-0